| 000 | 00611nam a22001817a 4500 | ||
|---|---|---|---|
| 005 | 20251108164220.0 | ||
| 008 | 250721s1992 xx 000 0 ara d | ||
| 082 | 1 | 4 | _a327.17/خ |
| 100 | 1 |
_aالخريشا، خلف خازر ملحم _eمؤلف |
|
| 245 | 1 | 0 | _aالملك الحسين بن طلال و دبلوماسية السلام / |
| 264 | 1 |
_aإربد : _bقدسية للنشر و التوزيع، _c1992. |
|
| 300 | _a159ص | ||
| 650 | 1 | 7 | _aالسلام |
| 650 | 1 | 7 | _aالنزاع العربي الإسرائيلي |
| 650 | 1 | 7 | _aعهد الملك حسين 1952-1999 |
| 942 |
_2ddc _cBK |
||
| 999 |
_c6577 _d6577 |
||